Loading...
| Science - Other Science | 0 | 11 | 0 | 3 | 110 | 53 | 91.18 | 1 | 6 |
| Science - Chemistry | 0 | 11 | 1 | 0 | 105 | 15 | 41.45 | 8 | 11 |
| Literature - European Literature | 0 | 9 | 0 | 1 | 90 | 23 | 66.89 | 4 | 9 |
| Literature - World Literature | 0 | 9 | 0 | 0 | 90 | 28 | 59.44 | 6 | 8 |
| Science - Physics | 0 | 9 | 1 | 0 | 85 | 13 | 67.67 | 4 | 7 |
| Fine Arts - Classical Music | 0 | 9 | 1 | 1 | 85 | 22 | 63.78 | 5 | 7 |
| Literature - American Literature | 0 | 3 | 0 | 1 | 30 | 21 | 64.67 | 1 | 3 |
| Fine Arts - Other Fine Arts | 0 | 3 | 0 | 1 | 30 | 93 | 113.00 | 0 | 0 |
| Science - Biology | 0 | 4 | 3 | 0 | 25 | 44 | 55.75 | 2 | 3 |
| Social Science | 0 | 2 | 0 | 0 | 20 | 67 | 85.00 | 1 | 1 |
| Literature - British Literature | 0 | 3 | 2 | 1 | 20 | 81 | 113.67 | 0 | 1 |
| Mythology | 0 | 2 | 0 | 0 | 20 | 56 | 56.50 | 0 | 2 |
| Pop Culture | 0 | 1 | 0 | 0 | 10 | 134 | 134.00 | 0 | 0 |
| Other Academic | 0 | 1 | 0 | 0 | 10 | 120 | 120.00 | 0 | 0 |
| History - American History | 0 | 1 | 0 | 0 | 10 | 68 | 68.00 | 0 | 0 |
| Religion | 0 | 1 | 1 | 0 | 5 | 92 | 92.00 | 0 | 0 |